| 000 | 00908nam a2200241 a 4500 | ||
|---|---|---|---|
| 001 | 14072 | ||
| 003 | BD-JhCC | ||
| 005 | 20240914101854.0 | ||
| 008 | 240914b2020 nyu |||| ||a| 001 0 eng d | ||
| 020 | _a 9781401301309 | ||
| 035 | _a(BD-JhCC)14072 | ||
| 040 |
_aBD-JhCC _dBD-JhCC |
||
| 041 | _aenglish | ||
| 082 |
_a650.1 _bGOL 2020 |
||
| 100 | _aGoldsmith,Marshall | ||
| 245 |
_aWhat got you here won't get you there : _bhow successful people become even more successful! / _cMarshall Goldsmith, |
||
| 260 |
_aNew York: _bHachette Go, an imprint of Hachette Books; _c2020. |
||
| 300 |
_a xii, 236 pages. : _billustrations ; _c25 cm. |
||
| 650 |
_aCreative ability in business _vCreative ability in business Handbooks, manuals, etc _xCréativité dans les affaires Guides, manuels, etc _yHandbooks and manuals _zInterpersonal relations |
||
| 700 | _a Reiter ,Mark | ||
| 942 |
_2ddc _cBK |
||
| 999 |
_c14072 _d14072 |
||